Normal view
MARC view
- عبدالفتاح، محمد لطفى
Entry Personal Name
001 - CONTROL NUMBER
- control field: 34313
003 - CONTROL NUMBER IDENTIFIER
- control field: JO-AjAnu
005 - DATE AND TIME OF LATEST TRANSACTION
- control field: 20230606075741.0
008 - FIXED-LENGTH DATA ELEMENTS
- fixed length control field: 230606|| aca||aabn | a|a d
040 ## - CATALOGING SOURCE
- Original cataloging agency: JO-AjAnu
- Transcribing agency: JO-AjAnu
100 ## - HEADING--PERSONAL NAME
- Personal name: عبدالفتاح، محمد لطفى
670 ## - SOURCE DATA FOUND
- Source citation: Work cat.: (JO-AjAnu)17622: عبدالفتاح، محمد لطفى, author, آليات الملاحقة في نطاق القانون الجنائي الدولي الإنساني : دراسة مقارنة